Plán sociálneho rozvoja okresu Rimavská Sobota na obdobie rokov 1981-1990

Bibliographic Details
Corporate Author: Rimavská Sobota (Slovensko). Okresný národný výbor. Riadiaca komisia (Compiler)
Other Authors: Tokár, Jozef (Photographer)
Format: Book
Language:Slovak
PhysicalDescription:155 strán fotografie, mapy, tabuľky 22 cm
Published: V Rimavskej Sobote Okresný národný výbor 1982
Edition:1. vyd.
Subjects:

MARC

LEADER 00000cam a2200000 a 4500
001 vtls001090072
003 SK-MaSNL
005 20260302030858.0
008 240226s1982 xo obl fr 000 0 slo
015 |a SNBA1983/01 
020 |q (brožované) 
035 |a SNK000032914 
035 |a 0496D605-A3F7-45B7-A972-AA5780340F88 
035 |a urn:nbn:sk:snk-am00ifvd 
040 |a SNK  |b slo  |c SNK  |e AACR2 
041 0 |a slo 
043 |a e-xo--- 
044 |a xo  |c SK 
072 7 |a 316.7  |x Sociológia kultúry. Kultúrny život  |2 konspekt 
080 |a 308(437.655)"1981/1990"  |2 1997 
080 |a (437.6)  |2 2011 
080 |a 316.42  |2 2011 
080 |a (083.92)  |2 2011 
080 |a (048.8)  |2 211 
245 0 0 |a Plán sociálneho rozvoja okresu Rimavská Sobota na obdobie rokov 1981-1990  |c [zostavila Riadiaca komisia ONV ; spracoval : kolektív autorov ; fotografie: Jozef Tokár] 
250 |a 1. vyd. 
260 |a V Rimavskej Sobote  |b Okresný národný výbor  |c 1982  |e Košice  |f Východoslovenské tlačiarne 
300 |a 155 strán  |b fotografie, mapy, tabuľky  |c 22 cm 
366 |e 1000 výtl. 
500 |a Mapa na frontispice. Nepredajné 
521 |a Účelová publikácia 
648 7 |a 1981-1990  |2 SNKPH  |9 335044 
650 0 7 |a sociálny rozvoj  |2 SNKPH  |9 67413 
651 7 |a Rimavská Sobota (Slovensko : okres)  |2 SNKPHgeo  |9 65043 
655 7 |a plány  |2 SNKPH  |9 70573 
655 7 |a prehľady  |2 SNKPH  |9 70194 
700 1 |a Tokár, Jozef  |4 pht  |9 440476 
710 1 |a Rimavská Sobota (Slovensko).  |b Okresný národný výbor.  |b Riadiaca komisia  |4 com  |9 678030 
752 |a Slovensko  |d Rimavská Sobota 
852 |a Slovenská národná knižnica 
954 |a odborná, vedecká literatúra pôvodná (slovenská)  |2 lita 
958 |a OND 
958 |a TL 
958 |a EUIPO 
999 |c 1049613  |d 1051543 
952 |t P60, <04>, [BOOK], {604}  |a SNK  |b SNK  |y VYP  |7 0  |p 17A0182545  |o snkSC 57182 D1  |0 0  |1 0  |4 0  |d 1999-02-24  |l 0  |r 2004-12-31 00:00:00  |w 2026-02-24 
952 |a SNK  |b SNK  |y PREZ  |7 0  |p 17A0894451  |o snkSC 57182  |i snkKSP 11006/82  |0 0  |1 0  |4 0  |d 2012-08-15  |f 1  |l 0  |r 2025-06-02 00:00:00  |w 2026-02-24